000 00407nam a22001337a 4500
008 230605b xxu||||| |||| 00| 0 eng d
020 _a9966854436
082 _a333.76762
_bAKO
100 _cJoshua Jason Akong'a
245 _aHarnessing Human Nature for Socio-Economic Development in Kenya: An Anthropological Exegesis
260 _aKenya
_bMoi University Press
_c2009
300 _a89 pages
942 _2ddc
_cBK
999 _c395
_d395